Vista normal
Vista MARC
Entrada Personal Name
Número de registros utilizados en: 1
001 - CONTROL NUMBER
- control field: 68523
003 - CONTROL NUMBER IDENTIFIER
- control field: OSt
005 - DATE AND TIME OF LATEST TRANSACTION
- control field: 20260203211332.0
008 - FIXED-LENGTH DATA ELEMENTS
- fixed length control field: 260203|| aca||aabn | a|a d
040 ## - CATALOGING SOURCE
- Original cataloging agency: OSt
- Transcribing agency: OSt
100 ## - HEADING--PERSONAL NAME
- Personal name: Efrén de la, Madre de Dios, Fray, 1915-1995
670 ## - SOURCE DATA FOUND
- Source citation: Work cat.: (OSt)53507: La Condamine, Carlos María de 1701-1774 Autor 68519, La América meridional - Canal de Panamá